| 000 | 00774nam a22001817a 4500 | ||
|---|---|---|---|
| 999 |
_c17274 _d17274 |
||
| 008 | 220913b ||||| |||| 00| 0 eng d | ||
| 020 | _a9786214510009 | ||
| 082 |
_22022 _aDFil 372.64 _bC761 |
||
| 100 |
_aConjusta, Genevieve R. _945950 |
||
| 245 |
_aExploring children's literature to enhance literacy in the elementary grades / _cGenevieve R. Conjusta and Marievic M. Violeta. |
||
| 260 |
_aQuezon City : _bLorimar Publishing, _c©2022. |
||
| 300 |
_axii, 216 pages : _billustrations ; _c25 cm. |
||
| 500 | _aIncludes bibliographical references. | ||
| 650 |
_aLiterature (Elementary) _xStudy and teaching. _945951 |
||
| 650 |
_aChildren's literature (Elementary) _xStudy and teaching. _945952 |
||
| 700 |
_aVioleta, Marievic M. _eauthor. _945953 |
||
| 942 |
_2ddc _cDFIL |
||